[Event "Faroes Open 2018"]
[Site "Sandavagur"]
[Date "2018.07.09"]
[Round "3"]
[White "Nielsen, Suni í Horni"]
[Black "Nielsen, Jón í Horni"]
[Result "0-1"]
[WhiteElo "1487"]
[BlackElo "1735"]
[Annotator "NA"]
[PlyCount "124"]
[EventDate "2018.07.07"]
[EventType "swiss"]
[EventCountry "FAI"]
[SourceTitle "playchess.com"]
[Source "ChessBase"]
[SourceQuality "1"]
[TimeControl "40/5400+30:900+30"]

1. e4 {[%emt 0:00:00]} e5 {[%emt 0:02:12]} 2. Nf3 {[%emt 0:01:43]} Nc6 {[%emt 0:01:52]} 3. Bc4 {[%emt 0:01:49]} Nf6 {[%emt 0:02:14]} 4. d3 {[%emt 0:00:22]} h6 {[%emt 0:00:36]} 5. c3 {[%emt 0:10:20]} Bc5 {[%emt 0:08:33]} 6. Nbd2 {[%emt 0:04:28]} d6 {[%emt 0:04:00]} 7. Nf1 {[%emt 0:05:48]} O-O {[%emt 0:02:33]} 8. Ng3 {[%emt 0:00:34]} Ne7 {[%emt 0:01:09]} 9. Nh4 {[%emt 0:08:18]} Bg4 {[%emt 0:03:19]} 10. Qd2 {[%emt 0:05:17]} d5 {[%emt 0:03:15]} 11. exd5 {[%emt 0:02:23]} Nexd5 {[%emt 0:01:25]} 12. h3 {[%emt 0:02:45]} Be6 {[%emt 0:00:58]} 13. Ngf5 {[%emt 0:03:53]} Bxf5 {[%emt 0:02:22]} 14. Nxf5 {[%emt 0:00:08]} Qd7 {[%emt 0:02:34]} 15. Ng3 {[%emt 0:02:46]} Nf4 {[%emt 0:00:13]} 16. Rg1 {[%emt 0:02:49]} b5 {[%emt 0:00:23]} 17. Bb3 {[%emt 0:02:10]} Nxd3+ {[%emt 0:00:07]} 18. Kf1 {[%emt 0:00:14]} Bxf2 {[%emt 0:00:10]} 19. Bc2 {[%emt 0:01:32]} Bxg3 {[%emt 0:01:06]} 20. Qxd3 {[%emt 0:03:11]} Qxd3+ {[%emt 0:00:13]} 21. Bxd3 {[%emt 0:00:02]} Rad8 {[%emt 0:00:28]} 22. Be2 {[%emt 0:00:18]} Ne4 {[%emt 0:01:38]} 23. Be3 {[%emt 0:02:13]} Bh2 {[%emt 0:00:22]} 24. Rh1 {[%emt 0:02:12]} Ng3+ {[%emt 0:00:25]} 25. Kf2 {[%emt 0:00:04]} Nxh1+ {[%emt 0:00:05]} 26. Rxh1 {[%emt 0:00:15]} Bf4 {[%emt 0:00:07]} 27. Bxa7 {[%emt 0:00:13]} Rd2 {[%emt 0:00:10]} 28. Rb1 {[%emt 0:00:19]} Ra8 {[%emt 0:00:21]} 29. Be3 {[%emt 0:01:42]} Bxe3+ {[%emt 0:00:14]} 30. Kxe3 {[%emt 0:00:06]} Rd6 {[%emt 0:01:00]} 31. Bxb5 {[%emt 0:01:25]} Rxa2 {[%emt 0:00:10]} 32. Bc4 {[%emt 0:00:07]} Ra8 {[%emt 0:01:08]} 33. Rf1 {[%emt 0:00:49]} Rf8 {[%emt 0:00:56]} 34. Rf2 {[%emt 0:00:13]} Rd1 {[%emt 0:02:37]} 35. Bb3 {[%emt 0:04:05]} Re1+ {[%emt 0:01:06]} 36. Kd2 {[%emt 0:03:36]} Re4 {[%emt 0:02:40]} 37. Kd3 {[%emt 0:00:20]} Rf4 {[%emt 0:00:41]} 38. Re2 {[%emt 0:00:11]} e4+ {[%emt 0:01:57]} 39. Ke3 {[%emt 0:01:07]} Rf6 {[%emt 0:00:52]} 40. Rd2 {[%emt 0:00:55]} Rd6 {[%emt 0:01:26]} 41. Rf2 {[%emt 0:15:53]} Rf6 {[%emt 0:15:28]} 42. Rd2 {[%emt 0:00:10]} Re8 {[%emt 0:00:22]} 43. Ba4 {[%emt 0:01:09]} Ree6 {[%emt 0:00:46]} 44. Bc2 {[%emt 0:03:52]} Re5 {[%emt 0:00:49]} 45. Re2 {[%emt 0:10:06]} c5 {[%emt 0:01:07]} 46. Rd2 {[%emt 0:00:09]} Rg6 {[%emt 0:00:12]} 47. Rf2 {[%emt 0:07:24]} Rd6 {[%emt 0:02:12]} 48. Re2 {[%emt 0:00:58]} g5 {[%emt 0:00:43]} 49. g3 {[%emt 0:01:28]} Rf6 {[%emt 0:00:09]} 50. Rg2 {[%emt 0:01:24]} Rf3+ {[%emt 0:00:25]} 51. Ke2 {[%emt 0:00:02]} f5 {[%emt 0:00:40]} 52. Rg1 {[%emt 0:01:14]} c4 {[%emt 0:00:44]} 53. Rg2 {[%emt 0:00:35]} Rb5 {[%emt 0:00:10]} 54. Kd2 {[%emt 0:00:59]} Rxb2 {[%emt 0:00:07]} 55. Kc1 {[%emt 0:00:06]} Ra2 {[%emt 0:00:25]} 56. Rg1 {[%emt 0:00:18]} Ra1+ {[%emt 0:00:23]} 57. Bb1 {[%emt 0:00:03]} Rxc3+ {[%emt 0:00:30]} 58. Kb2 {[%emt 0:00:06]} Rxb1+ {[%emt 0:00:11]} 59. Kxb1 {[%emt 0:00:17]} Kf7 {[%emt 0:00:34]} 60. Kb2 {[%emt 0:00:06]} Rd3 {[%emt 0:00:07]} 61. Rf1 {[%emt 0:00:19]} Ke6 {[%emt 0:00:05]} 62. Ra1 {[%emt 0:00:15]} Rxg3 {[%emt 0:01:07]} 0-1

[Event "Faroes Open 2018"]
[Site "Sandavagur"]
[Date "2018.07.09"]
[Round "3"]
[White "Jacobsen, Markus"]
[Black "Maroroa, Sue"]
[Result "0-1"]
[WhiteElo "1106"]
[BlackElo "2104"]
[Annotator "NA"]
[PlyCount "50"]
[EventDate "2018.07.07"]
[EventType "swiss"]
[EventCountry "FAI"]
[SourceTitle "playchess.com"]
[Source "ChessBase"]
[SourceQuality "1"]
[TimeControl "40/5400+30:900+30"]

1. e4 {[%emt 0:00:00]} e5 {[%emt 0:00:00]} 2. Nf3 {[%emt 0:00:00]} Nc6 {[%emt 0:00:00]} 3. Bc4 {[%emt 0:00:07]} Bc5 {[%emt 0:00:00]} 4. c3 {[%emt 0:00:23]} Nf6 {[%emt 0:00:38]} 5. d4 {[%emt 0:00:45]} exd4 {[%emt 0:00:35]} 6. e5 {[%emt 0:01:05]} d5 {[%emt 0:00:46]} 7. exf6 {[%emt 0:01:37]} dxc4 {[%emt 0:00:17]} 8. fxg7 {[%emt 0:00:45]} Rg8 {[%emt 0:00:25]} 9. Na3 {[%emt 0:01:50]} Qe7+ {[%emt 0:09:59]} 10. Kf1 {[%emt 0:03:30]} Bg4 {[%emt 0:08:00]} 11. Nxc4 {[%emt 0:02:11]} O-O-O {[%emt 0:00:16]} 12. Bg5 {[%emt 0:02:20]} f6 {[%emt 0:02:18]} 13. Bh4 {[%emt 0:03:49]} dxc3 {[%emt 0:02:20]} 14. Qc2 {[%emt 0:01:52]} Bxf3 {[%emt 0:05:26]} 15. gxf3 {[%emt 0:01:10]} Nd4 {[%emt 0:00:19]} 16. Qxc3 {[%emt 0:02:33]} Qe2+ {[%emt 0:00:51]} 17. Kg2 {[%emt 0:00:48]} Bb4 {[%emt 0:14:44]} 18. Rae1 {[%emt 0:02:02]} Bxc3 {[%emt 0:01:17]} 19. Rxe2 {[%emt 0:00:27]} Nxe2 {[%emt 0:00:17]} 20. bxc3 {[%emt 0:00:45]} Rxg7+ {[%emt 0:00:17]} 21. Kf1 {[%emt 0:00:29]} Rd1+ {[%emt 0:00:13]} 22. Kxe2 {[%emt 0:00:17]} Rxh1 {[%emt 0:00:07]} 23. Bxf6 {[%emt 0:00:30]} Rg6 {[%emt 0:00:35]} 24. Be5 {[%emt 0:00:28]} Re6 {[%emt 0:03:36]} 25. f4 {[%emt 0:01:02]} Rxh2 {[%emt 0:00:58]} 0-1

[Event "Faroes Open 2018"]
[Site "Sandavagur"]
[Date "2018.07.09"]
[Round "3"]
[White "Petersen, Elias"]
[Black "Djurhuus, Arant"]
[Result "0-1"]
[WhiteElo "1035"]
[BlackElo "1703"]
[Annotator "NA"]
[PlyCount "74"]
[EventDate "2018.07.07"]
[EventType "swiss"]
[EventCountry "FAI"]
[SourceTitle "playchess.com"]
[Source "ChessBase"]
[SourceQuality "1"]
[TimeControl "40/5400+30:900+30"]

1. e4 {[%emt 0:00:00]} e5 {[%emt 0:00:00]} 2. Nf3 {[%emt 0:00:00]} Nf6 {[%emt 0:00:00]} 3. Nc3 {[%emt 0:01:04]} Nc6 {[%emt 0:00:06]} 4. Bc4 {[%emt 0:00:14]} Nxe4 {[%emt 0:00:11]} 5. O-O {[%emt 0:02:27]} Nxc3 {[%emt 0:07:27]} 6. dxc3 {[%emt 0:00:33]} Be7 {[%emt 0:00:46]} 7. Re1 {[%emt 0:01:15]} d6 {[%emt 0:00:39]} 8. Be3 {[%emt 0:01:24]} Bg4 {[%emt 0:04:26]} 9. h3 {[%emt 0:00:31]} Bh5 {[%emt 0:02:01]} 10. b4 {[%emt 0:05:37]} O-O {[%emt 0:16:08]} 11. Bb3 {[%emt 0:04:07]} Bf6 {[%emt 0:10:27]} 12. Qd5 {[%emt 0:02:59]} Qc8 {[%emt 0:04:02]} 13. Nh2 {[%emt 0:00:56]} Ne7 {[%emt 0:00:49]} 14. Qc4 {[%emt 0:00:53]} d5 {[%emt 0:01:12]} 15. Qd3 {[%emt 0:00:36]} Bg6 {[%emt 0:02:29]} 16. Qe2 {[%emt 0:00:41]} e4 {[%emt 0:02:31]} 17. Bd4 {[%emt 0:04:34]} Bxd4 {[%emt 0:03:02]} 18. cxd4 {[%emt 0:00:15]} c6 {[%emt 0:00:47]} 19. f3 {[%emt 0:01:07]} Nf5 20. c3 {[%emt 0:02:52]} Nd6 {[%emt 0:05:12]} 21. a4 {[%emt 0:05:23]} a6 {[%emt 0:03:01]} 22. c4 {[%emt 0:03:45]} dxc4 {[%emt 0:02:12]} 23. Bxc4 {[%emt 0:00:13]} Nxc4 {[%emt 0:00:54]} 24. Qxc4 {[%emt 0:00:10]} Re8 {[%emt 0:03:13]} 25. d5 {[%emt 0:01:31]} cxd5 {[%emt 0:02:41]} 26. Qxd5 {[%emt 0:00:13]} Rd8 {[%emt 0:02:03]} 27. Qb3 {[%emt 0:00:54]} Rd3 {[%emt 0:01:14]} 28. Qb2 {[%emt 0:03:37]} e3 {[%emt 0:08:22]} 29. Rac1 {[%emt 0:02:11]} Qd7 {[%emt 0:00:20]} 30. Kf1 {[%emt 0:02:47]} h5 {[%emt 0:04:23]} 31. a5 {[%emt 0:02:46]} Re8 {[%emt 0:01:13]} 32. f4 {[%emt 0:01:17]} Be4 {[%emt 0:03:54]} 33. Kg1 {[%emt 0:02:45]} Rd2 {[%emt 0:00:17]} 34. Qc3 {[%emt 0:00:53]} Rxg2+ {[%emt 0:00:14]} 35. Kf1 {[%emt 0:00:28]} Rf2+ {[%emt 0:01:04]} 36. Kg1 {[%emt 0:00:12]} Qxh3 {[%emt 0:00:21]} 37. Rc2 {[%emt 0:00:19]} Qg2# 0-1

[Event "Faroes Open 2018"]
[Site "Sandavagur"]
[Date "2018.07.09"]
[Round "4"]
[White "Narayanan, Srinath"]
[Black "Nielsen, Høgni Egilstoft"]
[Result "1-0"]
[WhiteElo "2549"]
[BlackElo "2397"]
[Annotator "TA"]
[PlyCount "101"]
[EventDate "2018.07.07"]
[EventType "swiss"]
[EventCountry "FAI"]
[SourceTitle "playchess.com"]
[Source "ChessBase"]
[SourceQuality "1"]

{[%evp 30,101,39,37,89,66,75,77,77,79,76,77,138,144,134,134,132,139,214,197,219,216,218,215,221,206,208,204,209,170,289,284,262,221,259,160,289,190,200,188,197,175,170,91,141,141,141,141,135,101,108,81,114,107,146,8,8,0,48,12,14,30,221,221,338,335,582,582,582,582,579,579,29990,29991]} 1. e4 e5 2. Nf3 Nc6 3. Bb5 {[%cal Bf1b5,Bb5a4,Ba4b3][%mdl 32]} a6 4. Ba4 Nf6 5. O-O Be7 6. Re1 b5 7. Bb3 O-O 8. c3 d5 9. exd5 Nxd5 10. Nxe5 Nxe5 11. Rxe5 c6 12. d3 Bd6 13. Re1 Bf5 14. Qf3 Qh4 {C89: Spanische Partie (Marshall-Angriff)} 15. g3 Qh3 16. Be3 {LiveBook: 33 Partien} Rae8 (16... Bxd3 $14 17. Bxd5 cxd5 18. Qxd5 Rad8) (16... Bxd3 17. Nd2 Qf5 18. Bd4 Rfe8 19. a4 h6 20. Kg2 Qxf3+ 21. Nxf3 Rac8 22. Kg1 Rxe1+ 23. Rxe1 {½-½ (60) Karjakin,S (2782)-Aronian,L (2764) Paris 2018}) 17. Nd2 {[%cal Bb1d2,Bd2e4,Be4d6][%mdl 32]} Bg4 18. Qg2 Qh5 {[#]} 19. Ne4 $146 ({Vorgänger:} 19. a4 b4 20. Bd4 bxc3 21. bxc3 Bh3 22. Qf3 Bg4 23. Qg2 Bh3 24. Qf3 Bg4 25. Qg2 Bh3 26. Qf3 {½-½ (26) Kantans,T (2513)-Kovalev,V (2558) Gora Sw Anny 2016}) 19... Bf3 20. Bd1 Nxe3 (20... Bxd1 $142 21. Raxd1 (21. Rexd1 Nxe3 22. fxe3 Bc7 $14) (21. Nxd6 Bf3 $14) 21... Nxe3 22. fxe3 Bc7) 21. Qxf3 $16 Qxf3 22. Bxf3 Nc2 23. Rec1 (23. Nxd6 Rxe1+ 24. Rxe1 Nxe1 $17) 23... Nxa1 (23... Rxe4 $16 24. Bxe4 (24. dxe4 Nxa1 25. Rxa1 Rd8 $16) (24. Rxc2 Re6 $16) 24... Nxa1 25. Bxc6 (25. Rxa1 c5 $16) 25... Rc8) 24. Nxd6 $18 Rd8 25. Ne4 Rxd3 26. Kg2 $1 ({Bloß nicht} 26. Be2 $6 Rd5 $16) 26... f5 27. Nc5 Rd2 28. Rxa1 Rxb2 29. Nxa6 Rc8 (29... Rd8 $142 30. Bxc6 Rd6) 30. Nb4 c5 31. Nd5 Rd8 32. a3 Rd7 (32... g5 $16) 33. Re1 Kf7 34. Re5 g6 35. h4 c4 36. Re1 (36. g4 $18) 36... Rb3 37. a4 bxa4 38. Be2 $1 {[%cal Re2c4]} Rb2 {zielt auf ...Txe2 ab.} ({Aber nicht} 38... Rxd5 $2 39. Bxc4 Rxc3 40. Bxd5+) 39. Bxc4 Ra7 40. Nc7+ Kf8 41. Re8+ Kg7 42. Re7+ (42. Nb5 $1 $16 {[%cal Rb5a7]} Rd7 43. Nd4) 42... Kh8 $1 $11 43. Re8+ Kg7 44. Ne6+ Kh6 {Weiss muss nun ...a3 beachten.} 45. h5 Kxh5 $2 {[#]} (45... a3 $1 $11 {und Schwarz steht sicher.} 46. hxg6 Kxg6) 46. Rd8 $1 $18 g5 {[#]} (46... Ra5 {war einen Versuch wert.} 47. Rd1 g5) 47. Rg8 $1 {[%cal Rg8g5]} a3 $2 (47... g4 {war angesagt.} 48. Ng7+ Kg5 49. Ne8+ Kh6) 48. Rxg5+ Kh6 49. Rxf5 {Beabsichtigt Tf6+ und Matt.} Kg6 50. Bd3 {Weiss will mit Tf4+ Matt setzen.} ({Und nicht} 50. Rg5+ Kf6 $15) 50... Rf7 51. Rf4+ {Precision: Weiß = 69%, Schwarz = 38%.} 1-0

[Event "Faroes Open 2018"]
[Site "Sandavagur"]
[Date "2018.07.09"]
[Round "4"]
[White "Greenfeld, Alon"]
[Black "Jones, Gawain"]
[Result "0-1"]
[WhiteElo "2496"]
[BlackElo "2670"]
[Annotator "TA"]
[PlyCount "102"]
[EventDate "2018.07.07"]
[EventType "swiss"]
[EventCountry "FAI"]
[SourceTitle "playchess.com"]
[Source "ChessBase"]
[SourceQuality "1"]

{[%evp 18,102,0,-7,0,0,0,-17,-16,-13,-30,-31,-14,-34,13,0,21,20,20,20,20,27,22,16,11,11,21,13,16,7,6,4,10,8,7,0,6,-8,0,0,0,0,0,0,0,-26,-27,-49,-37,-50,-49,-50,-50,-50,-8,-50,-50,-50,-50,-51,-43,-82,-89,-93,-93,-79,-45,-100,-119,-119,-112,-105,-40,-40,-8,-8,-8,-8,-8,-8,-8,-8,-8,-379,-371,-324,-313]} 1. d4 Nf6 2. c4 g6 3. g3 Bg7 4. Bg2 O-O 5. Nc3 d6 6. Nf3 c5 7. dxc5 dxc5 8. Qxd8 Rxd8 9. Ne5 {E64: King's Indian: Fianchetto: 6...c5 7 d5} (9. Be3 Nc6 10. Bxc5 Nd7 11. Be3 Nb6 12. Nd2 Be6 13. c5 Bxc3 14. bxc3 Na4 15. Rc1 Bd5 16. Bxd5 Rxd5 17. Nb3 Rad8 18. O-O f6 {½-½ (18) Fressinet,L (2692)-Berkes,F (2636) Gjakova 2016}) 9... Ne8 10. Nd3 {LiveBook: 5 Games} Nc6 11. Bxc6 $146 {The position is equal.} ({Predecessor:} 11. Bf4 Rd4 12. Bxc6 bxc6 13. Be5 Rxc4 14. Bxg7 Kxg7 15. Rc1 Bf5 16. b3 Rd4 17. Nxc5 {0-1 (70) Petrik,T (2529)-Flores,D (2589) Istanbul 2012}) 11... bxc6 12. Bg5 Bxc3+ 13. bxc3 f6 14. Be3 Be6 15. Bxc5 Rd7 16. O-O-O Rb7 17. Kc2 Bxc4 18. Rb1 Rb5 19. Rxb5 cxb5 20. Bxe7 Bxa2 21. Ra1 Bd5 22. Ra5 a6 23. Bc5 Kf7 24. Bd4 Bb7 25. Nc5 Bc8 26. c4 bxc4 27. Na4 Nd6 28. Nb6 Bf5+ 29. Kc1 Re8 (29... Rd8 {feels hotter.} 30. Rc5 Nb5 31. Bb2 c3 32. Bxc3 Be6) 30. Be3 Re5 31. Rxe5 (31. Rxa6 {is more complex.} Rb5 32. g4 Bxg4 33. Ra7+ Ke6 34. Na4) 31... fxe5 $11 {[%mdl 4096] Endgame KBN-KBN} 32. Kb2 Be6 33. Na4 Nb5 34. Nc5 c3+ 35. Kc2 a5 36. Na4 Bf5+ 37. Kb3 c2 38. Nc3 {[#]} a4+ $1 {[%mdl 512]} 39. Nxa4 (39. Kxa4 Nxc3+) 39... Nd4+ 40. Kb2 Nxe2 41. Nc5 h5 42. h4 ({Better is} 42. Na6 $15) 42... Ke7 $17 43. Nb3 Ke6 44. Nc1 Ng1 (44... Nd4 $17 45. Nb3 Kd5) 45. Na2 $1 $15 Be4 46. Nb4 $1 Kf5 {Hoping for ...Kg4.} 47. Nxc2 Bxc2 48. Kxc2 Ke4 49. Kd2 Kf3 50. Ke1 $2 {[%mdl 8192] [#]} (50. Bc5 $11) 50... Ne2 $19 51. Bb6 {If White can now play Kd2 this consolidates a bit.} Nc3 {Precision: White = 61%, Black = 61%.} 0-1

[Event "Faroes Open 2018"]
[Site "Sandavagur"]
[Date "2018.07.09"]
[Round "4"]
[White "Nakar, Eylon"]
[Black "Kunin, Vitaly"]
[Result "1/2-1/2"]
[WhiteElo "2462"]
[BlackElo "2538"]
[Annotator "ChessBase"]
[PlyCount "48"]
[EventDate "2018.07.07"]
[EventType "swiss"]
[EventCountry "FAI"]
[SourceTitle "playchess.com"]
[Source "ChessBase"]
[SourceQuality "1"]
[TimeControl "40/5400+30:900+30"]

1. e4 {[%emt 0:00:00]} d6 {[%emt 0:00:00]} 2. d4 {[%emt 0:00:00]} Nf6 {[%emt 0:00:01]} 3. Nc3 {[%emt 0:00:00]} e5 {[%emt 0:00:24]} 4. Nf3 {[%emt 0:00:49]} Nbd7 {[%emt 0:00:17]} 5. Bc4 {[%emt 0:00:19]} Be7 {[%emt 0:00:00]} 6. O-O {[%emt 0:00:13]} O-O {[%emt 0:00:25]} 7. a4 {[%emt 0:00:26]} c6 {[%emt 0:00:13]} 8. h3 {[%emt 0:01:11]} Qc7 {[%emt 0:01:08]} 9. Re1 {[%emt 0:00:43]} h6 {[%emt 0:01:32]} 10. Be3 {[%emt 0:06:50]} Re8 {[%emt 0:01:19]} 11. d5 {[%emt 0:06:49]} Nf8 {[%emt 0:06:38]} 12. Bb3 {[%emt 0:39:42]} Ng6 {[%emt 0:03:30]} 13. a5 {[%emt 0:00:22]} c5 {[%emt 0:04:51]} 14. Bc4 {[%emt 0:07:47]} Bd7 {[%emt 0:07:15]} 15. Nd2 {[%emt 0:05:01]} Rf8 {[%emt 0:10:30]} 16. a6 {[%emt 0:04:26]} b6 {[%emt 0:02:39]} 17. Bb5 {[%emt 0:00:23]} Bxb5 {[%emt 0:00:33]} 18. Nxb5 {[%emt 0:00:02]} Qd7 {[%emt 0:00:17]} 19. c4 {[%emt 0:00:50]} Ne8 {[%emt 0:02:11]} 20. Qg4 {[%emt 0:00:46]} Qd8 {[%emt 0:00:30]} 21. Ra3 {[%emt 0:07:26]} Nf6 {[%emt 0:05:26]} 22. Qd1 {[%emt 0:02:58]} Ne8 {[%emt 0:00:31]} 23. Qg4 {[%emt 0:00:57]} Nf6 {[%emt 0:00:09]} 24. Qd1 {[%emt 0:00:04]} Ne8 {[%emt 0:00:09]} 1/2-1/2

[Event "Faroes Open 2018"]
[Site "Sandavagur"]
[Date "2018.07.09"]
[Round "4"]
[White "Jotic, Vladimir"]
[Black "Nilssen, John Arni"]
[Result "1/2-1/2"]
[WhiteElo "2387"]
[BlackElo "2301"]
[Annotator "RC"]
[PlyCount "89"]
[EventDate "2018.07.07"]
[EventType "swiss"]
[EventCountry "FAI"]
[SourceTitle "playchess.com"]
[Source "ChessBase"]
[SourceQuality "1"]
[TimeControl "40/5400+30:900+30"]

1. e4 {[%emt 0:00:00]} c5 {[%emt 0:00:00]} 2. Nc3 {[%emt 0:00:00]} Nc6 {[%emt 0:00:00]} 3. g3 {[%emt 0:00:00]} g6 {[%emt 0:00:00]} 4. Bg2 {[%emt 0:00:00]} Bg7 {[%emt 0:00:00]} 5. Nge2 {[%emt 0:00:07]} e6 {[%emt 0:01:07]} 6. O-O {[%emt 0:01:43]} Nge7 {[%emt 0:00:07]} 7. d3 {[%emt 0:01:49]} d6 {[%emt 0:00:17]} 8. h3 {[%emt 0:09:33]} Rb8 {[%emt 0:00:51]} 9. a4 {[%emt 0:00:16]} a6 {[%emt 0:00:06]} 10. g4 {[%emt 0:08:31]} b5 {[%emt 0:10:10]} 11. axb5 {[%emt 0:03:50]} axb5 {[%emt 0:00:07]} 12. Ng3 {[%emt 0:00:05]} Nd4 {[%emt 0:04:26]} 13. f4 {[%emt 0:03:08]} b4 {[%emt 0:02:00]} 14. Nce2 {[%emt 0:00:10]} f5 {[%emt 0:00:16]} 15. Nxd4 {[%emt 0:11:39]} Bxd4+ {[%emt 0:00:28]} 16. Kh2 {[%emt 0:02:55]} O-O {[%emt 0:02:47]} 17. exf5 {[%emt 0:11:00]} exf5 {[%emt 0:03:41]} 18. g5 {[%emt 0:01:27]} Bb7 {[%emt 0:01:57]} 19. Bxb7 {[%emt 0:04:25]} Rxb7 {[%emt 0:00:07]} 20. Qf3 {[%emt 0:00:58]} Qd7 {[%emt 0:00:13]} 21. Ne2 {[%emt 0:17:44]} Bg7 {[%emt 0:03:44]} 22. Ng1 {[%emt 0:04:06]} Rbb8 {[%emt 0:10:14]} 23. Ra6 {[%emt 0:01:16]} Rbe8 {[%emt 0:02:34]} 24. b3 {[%emt 0:02:32]} d5 {[%emt 0:07:51]} 25. Be3 {[%emt 0:05:03]} Qc7 {[%emt 0:17:10]} 26. Qf2 {[%emt 0:01:05]} d4 {[%emt 0:02:26]} 27. Bd2 {[%emt 0:00:02]} Ra8 {[%emt 0:09:56]} 28. Rfa1 {[%emt 0:00:19]} Qb7 {[%emt 0:02:25]} 29. Rxa8 {[%emt 0:02:14]} Rxa8 {[%emt 0:00:31]} 30. Qe1 {[%emt 0:00:33]} Kf7 {[%emt 0:02:12]} 31. Qf1 {[%emt 0:04:33]} Rxa1 {[%emt 0:07:52]} 32. Qxa1 {[%emt 0:00:01]} Nd5 {[%emt 0:00:34]} 33. Qa5 {[%emt 0:01:47]} Qc7 {[%emt 0:09:14]} 34. Qxc7+ {[%emt 0:00:09]} Nxc7 {[%emt 0:00:04]} 35. Kg2 {[%emt 0:01:05]} Bf8 {[%emt 0:00:24]} 36. Kf3 {[%emt 0:01:03]} Bd6 {[%emt 0:00:07]} 37. h4 {[%emt 0:00:46]} Ke6 {[%emt 0:00:59]} 38. Kg3 {[%emt 0:01:47]} Nb5 {[%emt 0:00:18]} 39. Nf3 {[%emt 0:00:19]} Na3 {[%emt 0:00:56]} 40. Ne1 {[%emt 0:00:02]} Nb1 {[%emt 0:01:03]} 41. Bc1 {[%emt 0:16:50]} Kd5 {[%emt 0:15:31]} 42. Kf2 {[%emt 0:00:00]} Bc7 {[%emt 0:00:00]} 43. Nf3 {[%emt 0:00:00]} Ke6 {[%emt 0:00:00]} 44. Ne1 {[%emt 0:00:00]} Nc3 {[%emt 0:00:00]} 45. Kf3 {[%emt 0:00:00]} 1/2-1/2

[Event "Faroes Open 2018"]
[Site "Sandavagur"]
[Date "2018.07.09"]
[Round "4"]
[White "Haubro, Martin"]
[Black "Esteve Sanchez, Sergio"]
[Result "1/2-1/2"]
[WhiteElo "2373"]
[BlackElo "1994"]
[Annotator "ChessBase"]
[PlyCount "80"]
[EventDate "2018.07.07"]
[EventType "swiss"]
[EventCountry "FAI"]
[SourceTitle "playchess.com"]
[Source "ChessBase"]
[SourceQuality "1"]
[TimeControl "40/5400+30:900+30"]

1. e4 {[%emt 0:00:00]} c5 {[%emt 0:00:00]} 2. Nf3 {[%emt 0:00:00]} d6 {[%emt 0:00:00]} 3. d4 cxd4 {[%emt 0:00:00]} 4. Nxd4 {[%emt 0:00:14]} Nf6 {[%emt 0:00:00]} 5. Nc3 {[%emt 0:00:03]} a6 {[%emt 0:00:08]} 6. h3 b5 {[%emt 0:07:15]} 7. g4 {[%emt 0:02:53]} Bb7 {[%emt 0:00:30]} 8. Bg2 {[%emt 0:00:06]} e6 {[%emt 0:05:33]} 9. g5 {[%emt 0:04:17]} b4 {[%emt 0:10:32]} 10. gxf6 {[%emt 0:03:24]} bxc3 {[%emt 0:01:07]} 11. fxg7 {[%emt 0:00:06]} Bxg7 {[%emt 0:00:25]} 12. bxc3 {[%emt 0:00:19]} Qc7 {[%emt 0:02:03]} 13. O-O {[%emt 0:07:58]} h5 {[%emt 0:07:25]} 14. Qd3 {[%emt 0:10:28]} Nd7 {[%emt 0:04:24]} 15. Qg3 {[%emt 0:06:21]} Bf6 {[%emt 0:08:06]} 16. Rb1 {[%emt 0:00:27]} h4 {[%emt 0:06:37]} 17. Qe3 {[%emt 0:05:06]} Rg8 {[%emt 0:02:11]} 18. Ba3 {[%emt 0:05:15]} O-O-O {[%emt 0:07:08]} 19. Kh1 {[%emt 0:01:13]} Bg5 {[%emt 0:03:15]} 20. Qe2 {[%emt 0:02:11]} Bf4 {[%emt 0:06:19]} 21. Qf3 {[%emt 0:13:32]} e5 {[%emt 0:02:43]} 22. Nf5 {[%emt 0:00:32]} Nf6 {[%emt 0:01:12]} 23. Rb4 {[%emt 0:08:54]} a5 {[%emt 0:03:07]} 24. Rxb7 {[%emt 0:00:04]} Kxb7 {[%emt 0:00:33]} 25. Qd3 {[%emt 0:02:04]} Ka7 {[%emt 0:10:32]} 26. Nxd6 {[%emt 0:04:23]} Qc6 {[%emt 0:02:32]} 27. Bf3 {[%emt 0:04:50]} Rb8 {[%emt 0:00:43]} 28. c4 {[%emt 0:00:12]} Rgd8 {[%emt 0:02:25]} 29. c5 {[%emt 0:02:53]} Ne8 {[%emt 0:00:39]} 30. c4 {[%emt 0:01:35]} Nc7 {[%emt 0:02:23]} 31. Qc3 {[%emt 0:00:37]} Ka6 {[%emt 0:00:13]} 32. Qd3 {[%emt 0:02:51]} Ne6 {[%emt 0:00:50]} 33. Qd5 {[%emt 0:00:21]} Nd4 {[%emt 0:00:28]} 34. Bg4 {[%emt 0:01:38]} Qa4 {[%emt 0:01:04]} 35. Bc1 {[%emt 0:05:08]} Rb1 {[%emt 0:01:35]} 36. Bxf4 {[%emt 0:05:14]} Rxf1+ {[%emt 0:00:17]} 37. Kg2 {[%emt 0:00:04]} Rxf2+ {[%emt 0:00:23]} 38. Kxf2 {[%emt 0:00:16]} Qxa2+ {[%emt 0:01:07]} 39. Ke1 {[%emt 0:01:24]} Qa1+ {[%emt 0:01:24]} 40. Kf2 {[%emt 0:02:06]} Qa2+ {[%emt 0:00:43]} 1/2-1/2

[Event "Faroes Open 2018"]
[Site "Sandavagur"]
[Date "2018.07.09"]
[Round "4"]
[White "Rodgaard, John"]
[Black "Ziska, Helgi Dam"]
[Result "0-1"]
[WhiteElo "2319"]
[BlackElo "2552"]
[Annotator "ChessBase"]
[PlyCount "56"]
[EventDate "2018.07.07"]
[EventType "swiss"]
[EventCountry "FAI"]
[SourceTitle "playchess.com"]
[Source "ChessBase"]
[SourceQuality "1"]
[TimeControl "40/5400+30:900+30"]

1. d4 {[%emt 0:00:00]} Nf6 {[%emt 0:01:15]} 2. Nf3 {[%emt 0:00:24]} g6 {[%emt 0:00:12]} 3. c4 {[%emt 0:00:41]} Bg7 {[%emt 0:00:10]} 4. Nc3 {[%emt 0:00:34]} d6 {[%emt 0:00:51]} 5. e3 {[%emt 0:02:31]} O-O {[%emt 0:02:11]} 6. Be2 {[%emt 0:02:24]} Nbd7 {[%emt 0:02:44]} 7. O-O {[%emt 0:01:16]} e5 {[%emt 0:00:32]} 8. b4 {[%emt 0:01:04]} exd4 {[%emt 0:08:43]} 9. exd4 {[%emt 0:01:39]} Nb6 {[%emt 0:01:47]} 10. Qb3 {[%emt 0:17:22]} a5 {[%emt 0:15:05]} 11. b5 {[%emt 0:07:35]} a4 {[%emt 0:00:45]} 12. Qb4 {[%emt 0:05:16]} Re8 {[%emt 0:08:43]} 13. Be3 {[%emt 0:09:31]} Bf5 {[%emt 0:14:16]} 14. Rfe1 {[%emt 0:07:22]} Bf8 {[%emt 0:04:01]} 15. Rac1 {[%emt 0:19:24]} Nxc4 {[%emt 0:04:03]} 16. Qxc4 {[%emt 0:04:59]} d5 {[%emt 0:00:06]} 17. Nxd5 {[%emt 0:00:16]} Nxd5 {[%emt 0:01:02]} 18. Bg5 {[%emt 0:00:55]} Qd6 {[%emt 0:00:14]} 19. Bh4 {[%emt 0:11:09]} Nb6 {[%emt 0:12:39]} 20. Qc3 {[%emt 0:01:58]} Qa3 {[%emt 0:00:26]} 21. Qxc7 {[%emt 0:01:01]} Rac8 {[%emt 0:00:43]} 22. Qxb6 {[%emt 0:02:36]} Rxc1 {[%emt 0:00:08]} 23. Kf1 {[%emt 0:00:25]} Rxe2 {[%emt 0:02:09]} 24. Rxc1 {[%emt 0:00:42]} Qxc1+ {[%emt 0:00:39]} 25. Kxe2 {[%emt 0:00:04]} Qc4+ {[%emt 0:00:15]} 26. Ke3 {[%emt 0:01:12]} Qd3+ {[%emt 0:00:08]} 27. Kf4 {[%emt 0:00:11]} Qe4+ {[%emt 0:00:06]} 28. Kg3 {[%emt 0:00:51]} Qg4# {[%emt 0:00:08]} 0-1